000 00588nam a2200181Ia 4500
008 090124s9999 xx 000 0 und d
082 _b120279
100 _aमराठे श्याम
245 _a गणितातील दुर्मिळ जादू
250 _a1
260 _c1984
300 _a148
600 _aमराठे श्याम
630 _a गणितातील दुर्मिळ जादू
700 _aमराठे श्याम
730 _a गणितातील दुर्मिळ जादू
942 _cBOOK
999 _c166365
_d166365